| 000 | 00641nam a22001937a 4500 | ||
|---|---|---|---|
| 003 | DO-SdBNP | ||
| 005 | 20171023124411.0 | ||
| 008 | 171020b 2016|||| |||| 00| 0 spa d | ||
| 020 | _a9789945902365 | ||
| 040 |
_aBPMSU _bspa _cBPMSU |
||
| 100 | 1 | _aJames Rawlings, Norberto | |
| 245 | 1 | 0 |
_aRecuperable del pasado : _bpoesÃa 1969-2008 / _cNorberto James Rawlings |
| 260 |
_aSanto Domingo : _bMinisterio de Cultura ; _c2016. |
||
| 300 |
_a266 p. : _bil. ; _c23 cm. |
||
| 500 | _aIncluye datos biográficos del autor en la solapa de la cubierta | ||
| 942 |
_2ddc _cBK |
||
| 945 | _aInventariado / 2017 VM | ||
| 956 |
_aBTAVAREZ _b10 _c20172010 _20038 |
||
| 999 |
_c12663 _d12663 |
||